Provincialismo contra Rubén Darío

Gardado en:
Detalles Bibliográficos
Autor Principal: Cabrales, Luis Alberto
Formato: Libro
Idioma:Undetermined
Publicado: Managua, Nicaragua Ministerio de Educación Pública 1966
Materias:
Etiquetas: Engadir etiqueta
Sen Etiquetas, Sexa o primeiro en etiquetar este rexistro!

MARC

LEADER 00000nam a2200000Ia 4500
008 170316s9999 xx 000 0 und d
040 |a cru BVZT 
090 |a 860 C-3p 
100 |a Cabrales, Luis Alberto 
245 |a Provincialismo contra Rubén Darío 
260 |a Managua, Nicaragua 
260 |b Ministerio de Educación Pública 
260 |c 1966 
300 |a 87 páginas 
650 |a LITERATURA LATINOAMERICANA  |9 15 
999 |c 8530  |d 8530 
942 |c LIB  |h 860 C-3p  |2 z